| 000 | 00755nam a22001577a 4500 | ||
|---|---|---|---|
| 003 | IT-RoPau | ||
| 005 | 20220918181218.0 | ||
| 008 | 131207b xxu||||| |||| 00| 0 eng d | ||
| 040 | _cIT-RoPau | ||
| 245 | _aLa preghiera liturgica in Don Alberione | ||
| 250 | _aI | ||
| 260 |
_aRoma _bIMSA _cS.a. |
||
| 300 |
_a40 pp. _c21 cm |
||
| 520 | _aIndice Introduzione Don Alberione: uomo di preghiera Gloria a Dio - Pace agli uomini Con la Chiesa La Liturgia Per Cristo - Con Cristo - In Cristo Dimensione escatologica della Liturgia L'Eucarestia La Scuola dell'Eucarestia L'Eucarestia scuola di virtù Eucarestia e Apostolato La Santa Messa Partecipi della Vita divina Liturgia e Bibbia Adorazione quotidiana Lode senza fine Conclusione | ||
| 942 |
_2ddc _cBK |
||
| 999 |
_c104205 _d104205 |
||